MDQL
is popping MORE tags! Check the
thread
!
Quizzes
Events
Quiz Creation
Community
Videos
Private Events
Remove Ads
Sign In
Join for FREE
Feedback
Dark Mode
Quiz Categories
Sports
Geography
Music
Movies
Television
Just For Fun
Miscellaneous
History
Literature
Language
Science
Gaming
Entertainment
Religion
Holiday
For Kids
Quiz Lab
Recent
Popular Today
Quiz Kudos Today
Editor Picks
Curator Picks
Quizzes by...
Day
Popularity
Type
Ratings
Length
Year
Community
Subscriptions
Recent Discussions
Orange Saloon
Badges
Playlists
Quests
Create
Leaderboards
Showdown
Live 5
Trivia Bingo
Activity
Puzzle Library
Sporcle Events
Private Events
Virtual Trivia
Globe League
Become a Host
Pub Owners
SporcleCon
Opinionation
Our Games
Videos
Blog
Mobile Apps
Partnerships
Remove Ads and Go Orange
Feedback
Television
TV Characters
TV Show
Sitcom
Network
Friends
Reality Shows
Cast
South Park
Star Trek
The Simpsons
Doctor Who
Television
TV Characters
TV Show
Sitcom
Network
Friends
Reality Shows
Cast
South Park
Star Trek
The Simpsons
Doctor Who
Random Quiz
Search Sporcle
×
Quiz Lab
Quiz Lab
Television
Quote
Select answers by clicking on text or image buttons
Select answers by clicking on text or image buttons
Clickable
Best Score? Go Orange.
Match the Modern family quotes. Stats
Can you pick the Modern Family quotes.
By
Triceisinbuildin
10m
25 Questions
726 Plays
726 Plays
726 Plays
Comments
Comments
Give Quiz Kudos
Give Quiz Kudos
-
- Ratings
hide this ad
Forced Order
Answers have to be entered in order
Answers have to be entered in order
Random Order
Randomize order of answers
Randomize order of answers
Replay
Link that replays current quiz
Next Quiz
Link to next quiz in quiz playlist
You Got
0%
They Got
Avg Score
86%
Avg Friend Score
Upgrade to see
Score Distribution
Jump to the score distribution portion of the page
Score
0/25
Timer
10:00
0
Plays Today
% Correct
because while everyone is chasing each other outside. What is the box?
93.3%
because she was true to herself an dressed cute.
93.1%
was that i was going to be able to relex
92.6%
Excuse me. Meryl Streep could play Batman and be the right choice.
92.6%
I'm hip, I surf the web, I text.
92.1%
Just say.'I'm looking you in the eye.'
91.6%
like when it comes to picking a husband.
90.6%
Life will be all like. 'What?!'
90.4%
Unless it's a tiger.
89.1%
Neither have half the kids in Africa.
89%
Cats mostly
88.8%
will happen to you, if you just lower your expectations.
88.4%
does that make me a mean person?
88.2%
% Correct
It's a mermaid costume for the cat.
88.2%
I come from a neighborhood with a lot of prostitutes.
88.2%
Lily sweetie, what's the square root of 64.
86.1%
People at the time said i could be Gerber.
85.5%
I'm way to fast, he will never touch me.
84.8%
Because I don't thing i'll be a very inspiring disabled person.
84.4%
It's like sewing water, Mitchell.
84%
Don't fall for it Claire, she is just making up words.
82%
Yeah, unless you were a woman, Black, Hispanic or Gay.
78.7%
See?
78.2%
and just hope you didn't raise a serial killer.
76.9%
It's inhuman.
74.2%
Quiz Playlist
Details
Report
Send in Message
Add To Playlist
Clickable:
Select answers by clicking on text or image buttons
Forced Order:
Answers have to be entered in order
Random Order:
Randomize order of answers
Last Updated: Sep 11, 2017
Quiz Scoreboard
CHALLENGE
Sign Up to Join the Scoreboard
Show All
Scores
Hide
Comments
May contain spoilers
Recently Published
Colored Red Africa Blitz
by spor1
Geography
30s
Find the 'City' Movie
by crazypaving
Movies
60s
5x2 Blitz: Bands
by SL_Kpop136
Music
30s
More to Explore
Quiz From the Vault
Featured Blog Post
14 Easter Pick-up Lines to Find Eggs With
hide this ad
You Might Also Like...
Tags
Quote Quiz
TV Show Quiz
Modern Family
Today's Top Quizzes in Television
Browse Television
hide this ad
Today's Top Quizzes in Quote
Browse Quote
Top Contributed Quizzes in Television
1
Survivor Journey Challenge
2
Brooklyn Nine Nine Logic Puzzle (How-To-Play)
3
Phoebe Buffay Quotes
4
Survivor Trivia
5
Total Drama Characters
6
Survivor Logic Puzzle: Heroes vs. Villains
7
One Tree Hill Logic Puzzle
8
Survivor Heroes vs. Villains Logic Puzzle
9
All US Survivor Seasons in Order
10
Adjectives in 00s TV Shows
Explore More
Trending Topics
Disney
NBA
Anime
Crossword
Marvel
Kpop
Harry Potter
Pokémon
Song
Country
The Office
WWE
Soccer
Puzzle
NFL
hide this ad
More By:
Triceisinbuildin
Quiz
Plays
Rating
Category
Featured
Created
Can you name the 50 states of America in three minutes?
6,744
4.40
Geography
Jun 12, 2017
CBBC shows (UK)
2,982
3.08
Television
Sep 12, 2017
Emmerdale Quiz
2,960
2.67
Television
Jun 15, 2017
Contestants Of Love Island 2018
2,713
5.00
Television
Jun 14, 2018
Bones TV Show
2,346
4.20
Television
Jul 1, 2017
Go to Creator's Profile
Score Distribution
Quiz Creator Spotlight
Triceisinbuildin
Follow
Send a Message
Quizzes Created
-
Created Quiz Play Count
-
More By This Creator
Popular Quizzes Today
1
Colored Red Africa Blitz
2
Find the 'City' Movie
3
5x2 Blitz: Bands
4
Find the US States - No Outlines Minefield
5
The Countries of the World
6
Find the US States
7
US States
8
Find the Countries of Europe - No Outlines Minefield
More Television Quizzes
'H' TV Shows by Cast Photo
Published
Trending Quizzes
Colored Red Europe Blitz I
Colored Red Africa Blitz II
Colored Red Europe Blitz II
Colored Red Africa Blitz III
Colored Red Europe Blitz III
Recently Updated
How Do You Spell That?
pecheneg
Godzilla Movies
pecheneg
Grab Bag: 4-10 Letters
pecheneg
2024 March Madness Bracket
pecheneg
Famous TV Couples
Peacemaker
Champions League XIs: Real Madrid
pecheneg
Largest US Cities 1790-2010
pecheneg
Rides in Walt Disney World
pecheneg
Most Oscar Losses (Acting)
pecheneg
Beyoncé Albums
pecheneg
Trending Topics
Disney
NBA
Anime
Marvel
Crossword
Kpop
Harry Potter
The Office
Puzzle
NFL
Song
Soccer
WWE
Country
Pokémon
Your Account Isn't Verified!
In order to create a playlist on Sporcle, you need to verify the email address you used during registration. Go to your
Sporcle Settings
to finish the process.
Report this User
Report this user for behavior that violates our
Community Guidelines
.
Details:
Send Report
Go to the Sporcle.com Mobile Site →
Comments